[Event "RUS-ch Seniors"]
[Site "Tula"]
[Date "2004.05.13"]
[Round "4"]
[White "Krylov, Vsevolod"]
[Black "Chepukaitis, Genrikh"]
[Result "0-1"]
[WhiteElo "2256"]
[BlackElo "2409"]
[PlyCount "70"]
[EventDate "2004.05.??"]
[EventType "swiss"]
[EventRounds "9"]
[EventCountry "RUS"]
[SourceTitle "EXT 2005"]
[Source "ChessBase"]
[SourceDate "2004.11.15"]
[SourceVersion "1"]
[SourceVersionDate "2004.11.15"]
[SourceQuality "1"]

1. d4 g6 2. e4 Bg7 3. c4 Nc6 4. Nf3 d6 5. d5 Nb8 6. Be2 e5 7. Nc3 Nd7 8. h4 Ngf6 9. Nh2 Nc5 10. f3 Nh5 11. Nf1 f5 12. exf5 gxf5 13. Bg5 Bf6 14. Qd2 a5 15. 0-0-0 0-0 16. g3 Qe8 17. Nb5 Qf7 18. f4 Bd7 19. Nxc7 Rac8 20. Qxa5 Ne4 21. Bxf6 Nhxf6 22. fxe5 dxe5 23. d6 Nf2 24. Ne3 Nxh1 25. Rxh1 b5 26. cxb5 Kh8 27. b6 f4 28. gxf4 exf4 29. b7 Rb8 30. Ned5 Rxb7 31. Qc3 Qg7 32. Rf1 Ne4 33. Qxg7+ Kxg7 34. Rxf4 Rxf4 35. Nxf4 Nxd6 0-1

[Event "St Petersburg-ch 77th"]
[Site "St Petersburg"]
[Date "2004.04.05"]
[Round "5"]
[White "Chepukaitis, Genrikh"]
[Black "Popov, Valerij"]
[Result "0-1"]
[WhiteElo "2413"]
[BlackElo "2580"]
[PlyCount "136"]
[EventDate "2004.04.01"]
[EventType "tourn"]
[EventRounds "11"]
[EventCountry "RUS"]
[EventCategory "10"]
[SourceTitle "CBM 101"]
[Source "ChessBase"]
[SourceDate "2004.07.27"]
[SourceVersion "1"]
[SourceVersionDate "2004.07.27"]
[SourceQuality "1"]

1. d4 d5 2. Nf3 c6 3. Bf4 Nf6 4. Nbd2 Nh5 5. Bg3 Qb6 6. Qc1 g6 7. e3 Nd7 8. c4 Bg7 9. cxd5 Nxg3 10. hxg3 cxd5 11. Qc3 0-0 12. Rc1 Re8 13. Nb3 e5 14. Be2 e4 15. Nfd2 Bf8 16. Qa5 Qxa5 17. Nxa5 Bd6 18. a3 f5 19. b4 Nf6 20. Nb1 b6 21. Nc6 Bb7 22. Kd2 Rec8 23. b5 h5 24. Nb4 Kf7 25. Nc3 Rc7 26. Nca2 Rac8 27. Rxc7+ Rxc7 28. Nc3 Ke6 29. Bd1 Bxb4 30. axb4 Bc8 31. Be2 Bd7 32. f3 Kd6 33. Ra1 Be6 34. Nd1 Bf7 35. Nf2 Be6 36. Rc1 Bd7 37. Rh1 Ke7 38. Ra1 Be6 39. Rc1 Kd8 40. Nd1 exf3 41. gxf3 Rxc1 42. Kxc1 g5 43. Kd2 h4 44. gxh4 gxh4 45. Nf2 Nh5 46. Bf1 Ng3 47. Bg2 Bd7 48. Nh3 Bxb5 49. Nf4 Nf1+ 50. Bxf1 Bxf1 51. Ke1 Bc4 52. Kf2 Kd7 53. Ng6 a5 54. bxa5 bxa5 55. Nxh4 a4 56. Ng2 a3 57. Ne1 Bb3 58. Nd3 Ke7 59. Nc1 Bc4 60. Kg3 a2 61. Nxa2 Bxa2 62. Kf4 Kf6 63. e4 Bb3 64. e5+ Kg6 65. Kg3 Kg5 66. f4+ Kh5 67. Kf3 Bd1+ 68. Kg3 Bg4 0-1

[Event "St Petersburg-ch 77th"]
[Site "St Petersburg"]
[Date "2004.04.01"]
[Round "1"]
[White "Yemelin, Vasily"]
[Black "Chepukaitis, Genrikh"]
[Result "1-0"]
[WhiteElo "2578"]
[BlackElo "2413"]
[PlyCount "75"]
[EventDate "2004.04.01"]
[EventType "tourn"]
[EventRounds "11"]
[EventCountry "RUS"]
[EventCategory "10"]
[SourceTitle "CBM 101"]
[Source "ChessBase"]
[SourceDate "2004.07.27"]
[SourceVersion "1"]
[SourceVersionDate "2004.07.27"]
[SourceQuality "1"]

1. e4 g6 2. d4 Bg7 3. Nc3 d6 4. f4 a6 5. Nf3 b5 6. Bd3 Nd7 7. e5 f5 8. a4 b4 9. Ne2 e6 10. 0-0 Ne7 11. c4 a5 12. Be3 Bb7 13. Nc1 Nb6 14. Nb3 0-0 15. Qe2 Re8 16. Bf2 Nec8 17. Rfe1 Qd7 18. exd6 cxd6 19. d5 Qc7 20. dxe6 Bxf3 21. gxf3 Nd7 22. exd7 Rxe2 23. dxc8Q+ Qxc8 24. Rxe2 Qd7 25. Nd4 Re8 26. Rxe8+ Qxe8 27. b3 Bf6 28. Re1 Qf8 29. Kg2 Qh6 30. Ne6 Bh4 31. Bg3 Kf7 32. c5 dxc5 33. Bc4 Kf6 34. Nxc5 Kg7 35. Ne6+ Kh8 36. Rd1 Bf6 37. Rd7 Qh5 38. Rf7 1-0

[Event "Internet Section 06A g/8'+2\""]
[Site "Dos Hermanas"]
[Date "2004.03.06"]
[Round "1"]
[White "Chepukaitis, Genrikh"]
[Black "Lobo Gomez, Maria Luisa"]
[Result "1-0"]
[WhiteElo "2428"]
[BlackElo "1867"]
[PlyCount "57"]
[EventDate "2004.03.06"]
[EventType "swiss (blitz)"]
[EventRounds "9"]
[EventCountry "ESP"]
[SourceTitle "CBM 099 Extra"]
[Source "ChessBase"]
[SourceDate "2004.05.04"]
[SourceVersion "1"]
[SourceVersionDate "2004.05.04"]
[SourceQuality "1"]

1. d4 d5 2. Bg5 Nf6 3. Nd2 e6 4. e3 c5 5. c3 c4 6. b3 b5 7. a4 Bd7 8. axb5 Bxb5 9. bxc4 dxc4 10. Bxf6 Qxf6 11. Qf3 Qxf3 12. Ngxf3 Bd6 13. Nxc4 Bxc4 14. Bxc4 0-0 15. Bb5 a6 16. c4 Bb4+ 17. Ke2 Rc8 18. Rhb1 Be7 19. c5 a5 20. Ne5 f6 21. Nc4 e5 22. Nb6 Nc6 23. Nxa8 exd4 24. Nb6 Rc7 25. Nd5 Rc8 26. Bxc6 Bxc5 27. Bd7 Rd8 28. Be6+ Kf8 29. Rxa5 1-0

[Event "St Petersburg White Nights op"]
[Site "St Petersburg"]
[Date "2004.??.??"]
[Round "8"]
[White "Chepukaitis, Genrikh"]
[Black "Kovalchuk, Dmitry"]
[Result "1-0"]
[WhiteElo "2413"]
[BlackElo "2236"]
[PlyCount "69"]
[EventDate "2004.06.??"]
[EventType "swiss"]
[EventRounds "9"]
[EventCountry "RUS"]
[SourceTitle "CBM 100 Extra"]
[Source "ChessBase"]
[SourceDate "2004.07.06"]
[SourceVersion "2"]
[SourceVersionDate "2004.07.06"]
[SourceQuality "1"]

1. d4 Nf6 2. Bg5 e6 3. Nd2 b6 4. e4 Be7 5. Bd3 c5 6. Bxf6 Bxf6 7. e5 Be7 8. Be4 Nc6 9. d5 exd5 10. Bxd5 Qc7 11. Ngf3 Ba6 12. c4 Rd8 13. 0-0 0-0 14. Qa4 Bb7 15. Rfe1 Nb4 16. Bxb7 Qxb7 17. Re3 d5 18. exd6 Rxd6 19. a3 Nc6 20. Rae1 Rfd8 21. Ne4 Rg6 22. Nc3 h6 23. Nd5 Bf8 24. h3 a6 25. Qc2 b5 26. b3 bxc4 27. bxc4 Rb8 28. Qf5 Qb2 29. Re8 Rd6 30. Qf4 Rbd8 31. Rxd8 Nxd8 32. Re8 Rd7 33. Ne5 Ne6 34. Rxe6 g5 35. Qf5 1-0

[Event "St Petersburg White Nights op"]
[Site "St Petersburg"]
[Date "2004.??.??"]
[Round "7"]
[White "Gritsenko, Andrey"]
[Black "Chepukaitis, Genrikh"]
[Result "1/2-1/2"]
[WhiteElo "2256"]
[BlackElo "2413"]
[PlyCount "118"]
[EventDate "2004.06.??"]
[EventType "swiss"]
[EventRounds "9"]
[EventCountry "RUS"]
[SourceTitle "CBM 100 Extra"]
[Source "ChessBase"]
[SourceDate "2004.07.06"]
[SourceVersion "2"]
[SourceVersionDate "2004.07.06"]
[SourceQuality "1"]

1. e4 g6 2. d4 Bg7 3. Nf3 d6 4. Bc4 e6 5. 0-0 a6 6. a4 b6 7. Nc3 Ne7 8. Be3 h6 9. Qd2 Nd7 10. Rad1 Bb7 11. Rfe1 g5 12. h3 Nf6 13. Bd3 c5 14. dxc5 bxc5 15. e5 dxe5 16. Nxe5 Qc7 17. Nc4 Rd8 18. Qe2 0-0 19. a5 Ned5 20. Ne4 Nxe3 21. Qxe3 Nxe4 22. Bxe4 Bd5 23. Bxd5 exd5 24. Nb6 d4 25. Qd3 Qc6 26. Nc4 Rfe8 27. Kf1 Qc7 28. Rxe8+ Rxe8 29. Re1 Rd8 30. Kg1 Qb7 31. b3 Qb4 32. Re2 Bf6 33. g3 Kg7 34. Kh2 h5 35. f4 gxf4 36. gxf4 Qc3 37. Rg2+ Kf8 38. Qf5 d3 39. cxd3 Rxd3 40. Qxc5+ Be7 41. Qxh5 Bf6 42. Qc5+ Be7 43. Qc8+ Bd8 44. Qg4 Ke7 45. Qg5+ Kd7 46. Qf5+ Kc7 47. Nb6 Kb8 48. Nd7+ Ka7 49. Ne5 Re3 50. Qxf7+ Bc7 51. Qh7 Kb8 52. Qg8+ Ka7 53. Qg4 Kb7 54. Qf5 Rxe5 55. fxe5 Bxe5+ 56. Kh1 Qc1+ 57. Rg1 Qc6+ 58. Rg2 Qc1+ 59. Rg1 Qc6+ 1/2-1/2

[Event "St Petersburg White Nights op"]
[Site "St Petersburg"]
[Date "2004.??.??"]
[Round "5"]
[White "Hrabinska, Myroslava"]
[Black "Chepukaitis, Genrikh"]
[Result "1-0"]
[WhiteElo "2220"]
[BlackElo "2413"]
[PlyCount "93"]
[EventDate "2004.06.??"]
[EventType "swiss"]
[EventRounds "9"]
[EventCountry "RUS"]
[SourceTitle "CBM 100 Extra"]
[Source "ChessBase"]
[SourceDate "2004.07.06"]
[SourceVersion "2"]
[SourceVersionDate "2004.07.06"]
[SourceQuality "1"]

1. e4 g6 2. d4 Bg7 3. Nc3 d6 4. Bg5 Nd7 5. Qd2 a6 6. f4 c5 7. dxc5 Nxc5 8. Nf3 Bg4 9. Bc4 Qb6 10. Bb3 Bxc3 11. Qxc3 Nxe4 12. Qd4 Qa5+ 13. c3 Ngf6 14. Ba4+ Kd8 15. Bxf6 Nxf6 16. Ng5 Rf8 17. Bb3 Ke8 18. h3 Bd7 19. 0-0-0 Qc5 20. Rhe1 Qxd4 21. Rxd4 h6 22. Rxd6 hxg5 23. Rxf6 Be6 24. Bxe6 exf6 25. Bd5+ Kd7 26. fxg5 fxg5 27. Bxb7 Ra7 28. Bd5 Kd6 29. Rd1 Ke5 30. c4 Rc7 31. Kc2 a5 32. Kc3 Rd8 33. b3 f5 34. a3 Kf6 35. b4 Re7 36. bxa5 Ra7 37. Kb4 Rb8+ 38. Ka4 Ke5 39. Re1+ Kd4 40. Re6 Kc3 41. a6 Kb2 42. Ka5 Kxa3 43. Rb6 Rf8 44. Rb7 Raa8 45. c5 Rad8 46. Rb3+ Ka2 47. Rb8+ 1-0

[Event "St Petersburg White Nights op"]
[Site "St Petersburg"]
[Date "2004.??.??"]
[Round "9"]
[White "Lanin, Alexsej"]
[Black "Chepukaitis, Genrikh"]
[Result "1/2-1/2"]
[WhiteElo "2333"]
[BlackElo "2413"]
[PlyCount "129"]
[EventDate "2004.06.??"]
[EventType "swiss"]
[EventRounds "9"]
[EventCountry "RUS"]
[SourceTitle "CBM 100 Extra"]
[Source "ChessBase"]
[SourceDate "2004.07.06"]
[SourceVersion "2"]
[SourceVersionDate "2004.07.06"]
[SourceQuality "1"]

1. d4 g6 2. c4 Bg7 3. Nf3 d6 4. Nc3 Bg4 5. e3 Nc6 6. Be2 e5 7. d5 Nce7 8. Qb3 Qc8 9. c5 dxc5 10. Ne4 Nf6 11. Nxe5 Nxe4 12. Bxg4 f5 13. Qa4+ b5 14. Qxb5+ c6 15. Nxc6 fxg4 16. Qa4 Nxc6 17. dxc6 Qf5 18. c7+ Ke7 19. 0-0 Rac8 20. f3 gxf3 21. Rxf3 Qd5 22. Rf4 Nd6 23. Rf2 Rhf8 24. e4 Nxe4 25. Re2 Bd4+ 26. Be3 Rf6 27. Rae1 Re6 28. Bxd4 cxd4 29. Qa3+ Kd7 30. Qf3 Rce8 31. Qf7+ R8e7 32. Qg8 Kxc7 33. Rxe4 Rxe4 34. Qxd5 Rxe1+ 35. Kf2 R1e2+ 36. Kf1 R2e6 37. Qc5+ Kb8 38. Qb4+ Ka8 39. h3 Rd7 40. Qc4 Rf6+ 41. Kg1 Kb7 42. Qb5+ Kc8 43. Qc5+ Kd8 44. Qg5 Ke7 45. Qc5+ Rfd6 46. Qe5+ Kf7 47. Qh8 Ke6 48. Qg8+ Rf7 49. Qc8+ Kf6 50. Qh8+ Kf5 51. Qb8 Rd5 52. Qb3 Ke4 53. Qc4 Rf4 54. Qe2+ Kf5 55. Qc4 Re5 56. Qd3+ Kf6 57. Qa3 a5 58. Qd6+ Kf5 59. Qd7+ Ke4 60. Qb7+ Ke3 61. Qc7 Ref5 62. Qc1+ Kd3 63. Qd1+ Kc4 64. Qa4+ Kd3 65. Qd1+ 1/2-1/2

[Event "Wch Seniors 13th"]
[Site "Bad Zwischenahn"]
[Date "2003.11.21"]
[Round "5"]
[White "Chepukaitis, Genrikh"]
[Black "Zhelesny, Stanislav"]
[Result "1-0"]
[WhiteElo "2428"]
[BlackElo "2225"]
[PlyCount "85"]
[EventDate "2003.11.16"]
[EventType "swiss"]
[EventRounds "11"]
[EventCountry "GER"]
[SourceTitle "CBM 097 Extra"]
[Source "ChessBase"]
[SourceDate "2004.01.13"]
[SourceVersion "1"]
[SourceVersionDate "2004.01.13"]
[SourceQuality "1"]

1. d4 d5 2. Bg5 h6 3. Bh4 c6 4. c4 Nd7 5. e3 Ngf6 6. Nc3 e6 7. Nf3 Be7 8. a3 0-0 9. Rc1 Ne4 10. Bxe7 Qxe7 11. Qc2 f5 12. Bd3 Kh8 13. 0-0 b6 14. Ne2 Bb7 15. Nf4 Kh7 16. Be2 g5 17. Nd3 dxc4 18. Nde5 b5 19. Nxd7 Qxd7 20. b3 cxb3 21. Qxb3 Rab8 22. Ne5 Qg7 23. Qxe6 Rbe8 24. Qa2 a6 25. Bd3 Nd6 26. Rc5 h5 27. Rfc1 Kh6 28. Qd2 f4 29. h4 gxh4 30. exf4 Qf6 31. Qe3 Qg7 32. f5+ Qg5 33. Kh2 Nxf5 34. Bxf5 Qxe3 35. fxe3 Rxf5 36. Ng4+ hxg4 37. Rxf5 c5 38. d5 c4 39. Rf4 Bc8 40. e4 a5 41. a4 bxa4 42. Rxc4 Bd7 43. Rc5 1-0

[Event "Wch Seniors 13th"]
[Site "Bad Zwischenahn"]
[Date "2003.11.20"]
[Round "4"]
[White "Zakharchenko, Arnold"]
[Black "Chepukaitis, Genrikh"]
[Result "0-1"]
[WhiteElo "2330"]
[BlackElo "2428"]
[PlyCount "122"]
[EventDate "2003.11.16"]
[EventType "swiss"]
[EventRounds "11"]
[EventCountry "GER"]
[SourceTitle "CBM 097 Extra"]
[Source "ChessBase"]
[SourceDate "2004.01.13"]
[SourceVersion "1"]
[SourceVersionDate "2004.01.13"]
[SourceQuality "1"]

1. e4 g6 2. d4 Bg7 3. c4 Nc6 4. Be3 e5 5. d5 Nd4 6. Ne2 c5 7. dxc6 dxc6 8. Nbc3 Be6 9. b3 Ne7 10. Qd2 Qa5 11. 0-0-0 Rd8 12. Qb2 0-0 13. Kb1 f5 14. f3 a6 15. Nc1 b5 16. c5 Qc7 17. Rd2 Rd7 18. Be2 Rfd8 19. Rhd1 a5 20. Bf1 h6 21. h3 Kh7 22. Nd3 a4 23. b4 Bc4 24. Qc1 Ng8 25. Nb2 Be6 26. Nd3 Bc4 27. Nb2 Bf7 28. Nd3 Qc8 29. Ne1 Nf6 30. Bd3 fxe4 31. Bxe4 Nxe4 32. Nxe4 Bd5 33. Nd3 Nf5 34. Bf2 Rf8 35. Ne1 Rdf7 36. Nc2 Qe6 37. Qa3 Ne7 38. Re1 Kg8 39. Nd6 Rf4 40. Nd4 Qf6 41. Ne2 g5 42. Nxf4 Qxf4 43. Be3 Qg3 44. Red1 Qh4 45. Bf2 Qf4 46. Be3 Qf6 47. Ne4 Qg6 48. Qd3 Bf7 49. Qd6 Nf5 50. Qxg6 Bxg6 51. Bf2 Nd4 52. Bxd4 exd4 53. Rxd4 Bxd4 54. Rxd4 a3 55. Kc1 Bf7 56. Nc3 Bc4 57. h4 Bf1 58. hxg5 Bxg2 59. gxh6 Rxf3 60. Nxb5 Rf1+ 61. Kc2 Rf2+ 0-1

[Event "EU-ch Internet qual"]
[Site "Playchess.com INT"]
[Date "2003.11.08"]
[Round "4"]
[White "Chepukaitis, Genrikh"]
[Black "Bock, Juergen"]
[Result "1/2-1/2"]
[WhiteElo "2410"]
[BlackElo "2225"]
[PlyCount "74"]
[EventDate "2003.11.08"]
[EventType "swiss (blitz)"]
[EventRounds "15"]
[EventCountry "GER"]
[SourceTitle "EXT 2004"]
[Source "ChessBase"]
[SourceDate "2003.11.25"]
[SourceVersion "1"]
[SourceVersionDate "2003.11.25"]
[SourceQuality "1"]

1. d4 e6 2. Nf3 d5 3. g3 c5 4. Bg2 Nc6 5. 0-0 Nf6 6. c4 Be7 7. cxd5 exd5 8. Nc3 0-0 9. Bg5 c4 10. Ne5 Be6 11. e3 Nd7 12. Bxe7 Nxe7 13. f4 f6 14. Ng4 Rb8 15. f5 Bf7 16. e4 dxe4 17. Bxe4 Nb6 18. Ne3 Nbd5 19. Nexd5 Nxd5 20. Qf3 Nxc3 21. bxc3 b5 22. a3 Qd6 23. Rfe1 Rfe8 24. Bc6 Rxe1+ 25. Rxe1 h6 26. Ra1 a5 27. d5 b4 28. axb4 axb4 29. cxb4 Qxb4 30. Qe3 Qb2 31. Re1 c3 32. d6 c2 33. d7 Kh7 34. Be4 Rd8 35. Bc6 Rb8 36. Be4 Rd8 37. Bc6 Rb8 1/2-1/2

[Event "EU-ch Internet qual"]
[Site "Playchess.com INT"]
[Date "2003.11.08"]
[Round "8"]
[White "Chepukaitis, Genrikh"]
[Black "Langrock, Hannes"]
[Result "1-0"]
[WhiteElo "2410"]
[BlackElo "2325"]
[PlyCount "141"]
[EventDate "2003.11.08"]
[EventType "swiss (blitz)"]
[EventRounds "15"]
[EventCountry "GER"]
[SourceTitle "EXT 2004"]
[Source "ChessBase"]
[SourceDate "2003.11.25"]
[SourceVersion "1"]
[SourceVersionDate "2003.11.25"]
[SourceQuality "1"]

1. d4 e6 2. Nf3 b6 3. g3 Bb7 4. Bg2 Nf6 5. 0-0 Be7 6. c4 0-0 7. Nc3 Ne4 8. Qc2 Nxc3 9. bxc3 d6 10. Ng5 Bxg5 11. Bxb7 Bxc1 12. Raxc1 Nd7 13. Bxa8 Qxa8 14. Qa4 Nf6 15. f3 h5 16. e4 h4 17. Rcd1 Nh5 18. Kf2 Qd8 19. Rg1 Qg5 20. Qc6 f5 21. exf5 exf5 22. c5 hxg3+ 23. hxg3 f4 24. g4 Qh4+ 25. Ke2 Qh2+ 26. Kd3 Ng3 27. Qd5+ Kh8 28. Rge1 dxc5 29. dxc5 bxc5 30. Rd2 Qh7+ 31. Kc4 c6 32. Qxc6 Qh4 33. Re8 Rxe8 34. Qxe8+ Kh7 35. Rd1 Qf6 36. a4 Qa6+ 37. Kb3 c4+ 38. Kb4 Qb7+ 39. Kxc4 Qxf3 40. Rd8 Qf1+ 41. Kc5 Qf2+ 42. Kb4 Qb6+ 43. Kc4 Qa6+ 44. Kb3 Qb6+ 45. Ka2 Qf2+ 46. Ka3 Qc5+ 47. Kb3 Qb6+ 48. Kc4 Qc7+ 49. Kd5 Qb7+ 50. Kd6 Qb6+ 51. Ke5 Qc7+ 52. Ke6 Qc4+ 53. Kd6 Qd3+ 54. Kc6 Qxc3+ 55. Kb7 Qb4+ 56. Ka8 Qe4+ 57. Qxe4+ Nxe4 58. Rf8 g5 59. Kxa7 Kg7 60. Rf5 Nd6 61. Rxg5+ Kf6 62. Rd5 Nc4 63. Rd1 Ke5 64. Re1+ Kf6 65. a5 Nxa5 66. Kb6 Nc4+ 67. Kc5 Ne3 68. Kd4 Kg5 69. Rxe3 Kxg4 70. Re4 Kg3 71. Rxf4 1-0

[Event "EU-ch Internet qual"]
[Site "Playchess.com INT"]
[Date "2003.11.08"]
[Round "7"]
[White "Chepukaitis, Genrikh"]
[Black "Lipecki, Alexander"]
[Result "1-0"]
[WhiteElo "2410"]
[BlackElo "2078"]
[PlyCount "79"]
[EventDate "2003.11.08"]
[EventType "swiss (blitz)"]
[EventRounds "15"]
[EventCountry "GER"]
[SourceTitle "EXT 2004"]
[Source "ChessBase"]
[SourceDate "2003.11.25"]
[SourceVersion "1"]
[SourceVersionDate "2003.11.25"]
[SourceQuality "1"]

1. d4 e6 2. Nf3 d5 3. c4 c6 4. g3 f5 5. Bg2 Nf6 6. 0-0 Bd6 7. b3 0-0 8. Bf4 Bxf4 9. gxf4 Ne4 10. e3 Rf6 11. Nbd2 Rg6 12. Ne5 Rh6 13. Qe1 Nd7 14. f3 Nef6 15. Nd3 b6 16. Rc1 Ba6 17. Rf2 Rc8 18. Bf1 Rg6+ 19. Rg2 Rxg2+ 20. Kxg2 c5 21. Ne5 Nxe5 22. dxe5 Ne8 23. cxd5 Bxf1+ 24. Nxf1 Qxd5 25. Rd1 Qc6 26. Qd2 Qb5 27. Ng3 Qa5 28. Qd7 Rb8 29. Qxe6+ Kh8 30. Qxf5 Qxa2+ 31. Kh3 Qxb3 32. Rd7 g6 33. Qg4 Ng7 34. Ne4 Qe6 35. Qxe6 Nxe6 36. Nf6 Nf8 37. Rxa7 b5 38. e6 b4 39. e7 b3 40. exf8Q+ 1-0

[Event "EU-ch Internet qual"]
[Site "Playchess.com INT"]
[Date "2003.11.08"]
[Round "3"]
[White "Chepukaitis, Genrikh"]
[Black "Zeliakov, Nugzar"]
[Result "1-0"]
[WhiteElo "2410"]
[BlackElo "2171"]
[PlyCount "45"]
[EventDate "2003.11.08"]
[EventType "swiss (blitz)"]
[EventRounds "15"]
[EventCountry "GER"]
[SourceTitle "EXT 2004"]
[Source "ChessBase"]
[SourceDate "2003.11.25"]
[SourceVersion "1"]
[SourceVersionDate "2003.11.25"]
[SourceQuality "1"]

1. d4 Nf6 2. Bg5 Ne4 3. Bh4 c5 4. f3 g5 5. fxe4 gxh4 6. e3 Qb6 7. Nc3 Qxb2 8. Nd5 Kd8 9. Rb1 Qxa2 10. Ra1 Qb2 11. Bc4 e6 12. Ra2 Qxa2 13. Bxa2 exd5 14. Qf3 Be7 15. exd5 d6 16. Ne2 Nd7 17. 0-0 b6 18. Nc3 Ba6 19. Ra1 Rc8 20. Bb3 cxd4 21. exd4 Bf6 22. Qe3 Re8 23. Qd2 1-0

[Event "RUS-Cup 300 years"]
[Site "St Petersburg"]
[Date "2003.10.22"]
[Round "5"]
[White "Sudakova, Irina"]
[Black "Chepukaitis, Genrikh"]
[Result "1-0"]
[WhiteElo "2263"]
[BlackElo "2428"]
[PlyCount "103"]
[EventDate "2003.10.18"]
[EventType "swiss"]
[EventRounds "9"]
[EventCountry "RUS"]
[SourceTitle "EXT 2004"]
[Source "ChessBase"]
[SourceDate "2003.11.25"]
[SourceVersion "1"]
[SourceVersionDate "2003.11.25"]
[SourceQuality "1"]

1. e4 g6 2. d4 Bg7 3. Nc3 d6 4. Be3 a6 5. f4 Nd7 6. Nf3 b5 7. e5 Bb7 8. Bd3 e6 9. a4 b4 10. Ne4 Nb6 11. Bd2 a5 12. Bb5+ Kf8 13. Qe2 Ne7 14. 0-0 Bc6 15. Bxc6 Nxc6 16. c3 Nd5 17. Rac1 Qd7 18. Rfd1 Nce7 19. c4 Nb6 20. b3 d5 21. Nf6 Qd8 22. c5 Nd7 23. Ng4 Qc8 24. c6 Nb8 25. Rc5 Qa6 26. Qb5 Qa7 27. Rdc1 h6 28. Be1 Nf5 29. Qb7 Kg8 30. Rb5 Kh7 31. Rcc5 Na6 32. Rxa5 Rhb8 33. Qxa7 Rxa7 34. Rcb5 Rba8 35. Bh4 Bf8 36. Rb7 Be7 37. Nf6+ Kh8 38. g4 Ne3 39. Bf2 Nd1 40. Nd7 Nc3 41. Kf1 Kg7 42. Ne1 Ne4 43. Ke2 f5 44. exf6+ Bxf6 45. Nxf6 Kxf6 46. Nd3 Nc3+ 47. Kf3 Ne4 48. Rxa7 Rxa7 49. Nxb4 Nxb4 50. Rxa7 Ke7 51. Rxc7+ Kd6 52. Rg7 1-0

[Event "St Petersburg White Nights op"]
[Site "St Petersburg"]
[Date "2003.07.04"]
[Round "6"]
[White "Chepukaitis, Genrikh"]
[Black "Gavrilov, Alexei"]
[Result "1-0"]
[WhiteElo "2388"]
[BlackElo "2450"]
[PlyCount "103"]
[EventDate "2003.06.29"]
[EventType "swiss"]
[EventRounds "9"]
[EventCountry "RUS"]
[SourceTitle "EXT 2004"]
[Source "ChessBase"]
[SourceDate "2003.11.25"]
[SourceVersion "1"]
[SourceVersionDate "2003.11.25"]
[SourceQuality "1"]

1. d4 Nf6 2. Bg5 d5 3. Nd2 Nbd7 4. e3 g6 5. f4 Bg7 6. c3 0-0 7. Bd3 c5 8. Qe2 cxd4 9. exd4 Qc7 10. g3 a6 11. Ngf3 b5 12. 0-0 Nb6 13. Rfe1 Re8 14. Qg2 Qd6 15. a3 Nc4 16. Bxf6 Qxf6 17. Nb3 Bf5 18. Ne5 Bxd3 19. Nxd3 Qd6 20. Nbc5 a5 21. Qf2 Reb8 22. Kg2 e6 23. h4 h5 24. g4 hxg4 25. h5 gxh5 26. Qh4 b4 27. Qxh5 bxc3 28. bxc3 Rb6 29. Kg3 Rab8 30. Ne5 Nxe5 31. fxe5 Qe7 32. Rf1 Rb2 33. Qxg4 Rc2 34. Rab1 Rxc3+ 35. Kh2 Rc2+ 36. Kh1 Rbb2 37. Rxb2 Rxb2 38. Rf3 Kh7 39. Rg3 f5 40. Qg6+ Kh8 41. Rh3+ Kg8 42. Nxe6 Rb1+ 43. Kg2 Rb2+ 44. Kf1 Rb1+ 45. Ke2 Rb2+ 46. Kd1 Rb1+ 47. Kc2 Rg1 48. Qh7+ Kf7 49. Qxf5+ Ke8 50. Rc3 Rg2+ 51. Kd1 Qb7 52. Nxg7+ 1-0

[Event "St Petersburg White Nights op"]
[Site "St Petersburg"]
[Date "2003.06.29"]
[Round "1"]
[White "Yagupov, Igor"]
[Black "Chepukaitis, Genrikh"]
[Result "1/2-1/2"]
[WhiteElo "2454"]
[BlackElo "2388"]
[PlyCount "106"]
[EventDate "2003.06.29"]
[EventType "swiss"]
[EventRounds "9"]
[EventCountry "RUS"]
[SourceTitle "EXT 2004"]
[Source "ChessBase"]
[SourceDate "2003.11.25"]
[SourceVersion "1"]
[SourceVersionDate "2003.11.25"]
[SourceQuality "1"]

1. e4 g6 2. d4 Bg7 3. Nc3 d6 4. Be3 a6 5. Qd2 Nd7 6. 0-0-0 b5 7. f3 h6 8. g4 Bb7 9. d5 Ngf6 10. Nge2 c5 11. dxc6 Bxc6 12. Nd4 Bb7 13. a3 Rc8 14. h4 Ne5 15. Be2 Nfd7 16. h5 g5 17. Nf5 Bf6 18. Nd5 Bxd5 19. exd5 Nc5 20. Kb1 Na4 21. Bd4 e6 22. dxe6 fxe6 23. Bxe5 exf5 24. Qxd6 Qxd6 25. Rxd6 Bxe5 26. Re6+ Kd7 27. Rxe5 Rce8 28. Rd1+ Kc7 29. Rxe8 Rxe8 30. Rd2 f4 31. c4 bxc4 32. Bxc4 Re3 33. Bxa6 Rxf3 34. Bb5 Nc5 35. a4 Re3 36. Kc2 Re4 37. b3 f3 38. Rd5 Ne6 39. Kd3 Re1 40. Rd7+ Kc8 41. Kd2 f2 42. Re7 Kd8 43. Rd7+ Kc8 44. Re7 Kd8 45. Rf7 Nf4 46. a5 f1Q 47. Bxf1 Rxf1 48. a6 Ra1 49. a7 Kc8 50. Rh7 Nd5 51. Rxh6 Rxa7 52. Rg6 Ra2+ 53. Ke1 Rh2 1/2-1/2

[Event "Tula Botvinnik Memorial"]
[Site "Tula"]
[Date "2003.??.??"]
[Round "9"]
[White "Kremenietsky, Anatoly M"]
[Black "Chepukaitis, Genrikh"]
[Result "0-1"]
[WhiteElo "2381"]
[BlackElo "2388"]
[PlyCount "102"]
[EventDate "2003.??.??"]
[EventType "tourn"]
[EventRounds "11"]
[EventCountry "RUS"]
[EventCategory "8"]
[SourceTitle "EXT 2005"]
[Source "ChessBase"]
[SourceDate "2004.11.15"]
[SourceVersion "1"]
[SourceVersionDate "2004.11.15"]
[SourceQuality "1"]

1. e4 g6 2. d4 Bg7 3. Nc3 d6 4. Nf3 a6 5. Be2 Nd7 6. 0-0 e6 7. Re1 b5 8. Bf1 Bb7 9. Bg5 Ne7 10. a4 b4 11. Bxe7 Qxe7 12. Nd5 Qd8 13. Nxb4 c5 14. dxc5 dxc5 15. Na2 Qc7 16. Nc3 0-0 17. Qd2 Rfd8 18. Qe3 Ne5 19. Nxe5 Bxe5 20. g3 Rab8 21. Nd1 Rd4 22. Bg2 Rbd8 23. Nc3 Kg7 24. Kh1 Rb4 25. Nd1 Qc6 26. c3 Rxa4 27. Rc1 Bc7 28. Qe2 Qb5 29. e5 h5 30. Qxb5 Bxg2+ 31. Kxg2 axb5 32. Re2 g5 33. Ne3 Bxe5 34. h3 Bf6 35. g4 h4 36. Rcc2 Ra2 37. Kf3 Ra1 38. Red2 Rda8 39. Kg2 R8a2 40. Rd1 Rxd1 41. Nxd1 Ra1 42. Rd2 Rb1 43. Kf3 Kf8 44. Ke4 Ra1 45. Kd3 Be5 46. Ke2 Ke7 47. c4 b4 48. Rd3 Bd4 49. Kf3 Rc1 50. b3 f5 51. Rd2 Kf6 0-1